Central Library OPAC University of Rajshahi

Problems of the Polish co-operative movement (Record no. 8105)

MARC details
000 -LEADER
fixed length control field 00590nam a22001937a 4500
001 - CONTROL NUMBER
control field 8105
003 - CONTROL NUMBER IDENTIFIER
rucl marc code BD-RjUL
005 - DATE AND TIME OF LATEST TRANSACTION
control field 20211208234526.0
008 - FIXED-LENGTH DATA ELEMENTS--GENERAL INFORMATION
fixed length control field 140116s1969 xxuo|||| |||| 00| 0 eng d
035 ## - SYSTEM CONTROL NUMBER
System control number (BD-RjUL)8150
040 ## - CATALOGING SOURCE
Original cataloging agency BD-RjUL
Language of cataloging eng
Transcribing agency BD-RjUL
041 ## - LANGUAGE CODE
Language code of text/sound track or separate title eng
082 00 - DEWEY DECIMAL CLASSIFICATION NUMBER
Author mark and year PRO 1969
Classification number 330.9438
245 10 - TITLE STATEMENT
Title Problems of the Polish co-operative movement
Statement of responsibility, etc. Centrala Rolnicza Spółdzielni "Samopomoc Chłopska".
260 ## - PUBLICATION, DISTRIBUTION, ETC. (IMPRINT)
Place of publication, distribution, etc. Warsaw :
Name of publisher, distributor, etc. Publ. House of the CAU,
Date of publication, distribution, etc. 1969.
300 ## - PHYSICAL DESCRIPTION
Pagination 108 s., 11 k. tabl. :
Illustrations il. ;
Size 23 cm.
650 #0 - SUBJECT ADDED ENTRY--TOPICAL TERM
Topical term or geographic name as entry element Co-operation
Geographic subdivision Poland
9 (RLIN) 27677
942 ## - ADDED ENTRY ELEMENTS (KOHA)
Source of classification or shelving scheme Dewey Decimal Classification
Koha item type Books
Holdings
Lost status Source of classification or shelving scheme Damaged status Not for loan Collection code Permanent Location Current Location Shelving location Date acquired Source of acquisition Total Checkouts Full call number Date last seen Copy number Koha item type
  Dewey Decimal Classification   Not For Loan Non-fiction Central Library, University of Rajshahi Central Library, University of Rajshahi   27/02/1994 V. C R. U.   330.9438 PRO 1969 16/01/2014 C-1 Books